Statistics for Real Madrid - Paris Saint-Germain Champions League 2019-20

Click here to take the quiz!

General Stats

  • This quiz has been taken 18 times
  • The average score is 26 of 30

Answer Stats

Player% Correct
Thibaut Courtois
100%
Karim Benzema ²
100%
Ángel Di María
100%
Toni Kroos
100%
Gareth Bale
93%
Luka Modrić
93%
Dani Carvajal
93%
Keylor Navas
93%
Kylian Mbappé ¹
93%
Mauro Icardi
93%
Marcelo
93%
Raphaël Varane
93%
Sergio Ramos
93%
Isco
87%
Casemiro
87%
Zinedine Zidane
87%
Thiago Silva
87%
Neymar
87%
Marco Verratti
87%
Eden Hazard
87%
Rodrygo
80%
Juan Bernat
80%
Marquinhos
80%
Presnel Kimpembe
80%
Thomas Tuchel
80%
Thomas Meunier
73%
Federico Valverde
73%
Idrissa Gueye
67%
Pablo Sarabia ¹
60%
Julian Draxler
60%

Score Distribution

Percentile by Number Answered

Percent of People with Each Score

Your Score History

You have not taken this quiz